000 00874nam a2200241 i 4500
001 bg
245 0 0 _aBiznes międzynarodowy :
_bod internacjonalizacji do globalizacji /
_cpod red. Marcina K. Nowakowskiego ; [aut. poszczeg. rozdziałów Marcin K. Nowakowski et al.].
260 _aWarszawa :
_bSzkoła Główna Handlowa. Oficyna Wydawnicza,
_c2005.
300 _a599 s. :
_brys., wykr. ;
_c24 cm.
504 _aBibliogr. przy rozdz.
650 9 _aPrzedsiębiorczość międzynarodowa
655 _aPodręczniki akademickie
700 1 _aNOWAKOWSKI, Marcin Konstanty.
_eRed.
015 _aPB 5169/2005
020 _a8373781390
040 _cBPK
041 0 _apol
080 _a339.9(075.8)
920 _a83-7378-139-0
942 _cKS
008 s pl f |000 0 pol
999 _c46009
_d46009
856 _uhttp://koha.tu.koszalin.pl/cgi-bin/koha/opac-detail.pl?biblionumber=46009
_yKatalog online BPK